Svetový deň kvality : trvalo udržateľný rozvoj a spoločenská zodpovednosť organizácií : zborník prednášok k XV. medzinárodnej konferencii, 5.-6. novembra 2008, Žilina

Gespeichert in:
Bibliographische Detailangaben
Körperschaft: Svetový deň kvality. Medzinárodná konferencia
Format: Buch
Sprache:Slowakisch
Tschechisch
Veröffentlicht: Žilina Slovenská spoločnosť pre kvalitu 2008
Ausgabe:1. vyd.
Schlagworte:
Tags: Tag hinzufügen
Keine Tags, Fügen Sie das erste Tag hinzu!

MARC

LEADER 00000nam a2200000 4500
001 0229431
005 20240822101705.4
020 |a 978-80-970047-2-9 
041 0 |a slo 
041 0 |a cze 
044 |a SK 
245 1 0 |a Svetový deň kvality : trvalo udržateľný rozvoj a spoločenská zodpovednosť organizácií : zborník prednášok k XV. medzinárodnej konferencii, 5.-6. novembra 2008, Žilina 
250 |a 1. vyd. 
264 1 |a Žilina  |b Slovenská spoločnosť pre kvalitu  |c 2008 
300 |a 118 s.  |e príl. 
610 2 0 |a kvalita 
610 2 0 |a rozvoj trvalo udržateľný 
610 2 0 |a zodpovednosť podniku spoločenská 
610 2 0 |a zodpovednosť organizácie 
610 2 0 |a podnik sociálny 
610 2 0 |a stratégia podniková 
610 2 0 |a stratégia podnikateľská 
110 2 |a Svetový deň kvality. Medzinárodná konferencia